00258nam a22000977a 4500008004100000082001900041245003100060260003500091300001400126440002000140230629b xxu||||| |||| 00| 0 eng d a348.bCLB 1994 aCommonwealth Law Bulletin bCommonwealth Secretariatc1994 aXIX,1152p n3v20x03050718